Cricket: Top Test Match Batsman Ever - Statistics

General Stats
  • This quiz has been taken 245 times
  • The average score is 17 of 26
Answer Stats
batsman % Correct
Brian Lara
98%
Sachin Tendulkar
97%
Ricky Ponting
96%
Don Bradman
94%
Alastair Cook
90%
Jacques Kallis
88%
Rahul Dravid
88%
Kumar Sangakkara
84%
Matthew Hayden
84%
Mahela Jayawardene
82%
Steven Smith
77%
Shiv Chanderpaul
76%
Allan Border
74%
Garry Sobers
71%
Len Hutton
60%
Sanath Jayasuriya
57%
Graeme Pollock
49%
Wally Hammond
48%
Mark Taylor
46%
Adam Voges
41%
Hanif Mohammad
36%
Everton Weekes
34%
Ken Barrington
31%
Herbert Sutcliffe
30%
George Headley
29%
Eddie Paynter
11%
No matching quizzes found
Score Distribution
Percent of People with Each Score
Percentile by Number Answered
Your Score History
You have not taken this quiz